Porušenie finančnej disciplíny

Finančná disciplína. Poskytnutie a použitie finančných prostriedkov. Sankcie pri porušení finančnej disciplíny. Poskytnutie alebo použitie verejných prostriedkov. Osobitný sankčný mechanizmus za porušenie finančnej disciplíny. Poskytnutie alebo použitie verejných prostriedkov nad rámec oprávnenia. S...

Descrizione completa

Salvato in:
Dettagli Bibliografici
Autore principale: Konvalinková, Iveta
Natura: Capitolo di libro
Lingua:slovacco
Soggetti:
Tags: Aggiungi Tag
Nessun Tag, puoi essere il primo ad aggiungerne!!

MARC

LEADER 00000naa$a2200000$$$4500
001 0091843
005 20231120113325.1
041 0 |a slo 
044 |a SK 
245 1 0 |a Porušenie finančnej disciplíny  |c Iveta Konvalinková 
520 |a Finančná disciplína. Poskytnutie a použitie finančných prostriedkov. Sankcie pri porušení finančnej disciplíny. Poskytnutie alebo použitie verejných prostriedkov. Osobitný sankčný mechanizmus za porušenie finančnej disciplíny. Poskytnutie alebo použitie verejných prostriedkov nad rámec oprávnenia. Stanovenie rámca oprávnenia. Neodvedenie prostriedkov subjektu verejnej správy, sankcie. Odvod výnosov z prostriedkov štátneho rozpočtu. 
610 2 0 |a disciplína finančná 
610 2 0 |a správa verejná 
610 2 0 |a sankcie 
610 2 0 |a výnosy 
610 2 0 |a odvody 
610 2 0 |a hospodárenie finančné 
610 2 0 |a zákony 
100 1 |a Konvalinková, Iveta